00266nam a2200097Ia 4500008004000000082001500040100002500055245005400080260002600134300000800160210210b1999 xxu||||| |||| 00| 0 eng d a820.6 MANM aMANGALWADI (Vishal). aMissionary conspiracy letters to a postman hindu. aN DbGood Booksc1999 a551